[Event "Barcelona Sants op 16th"]
[Site "Barcelona"]
[Date "2014.08.26"]
[Round "5"]
[White "Rojano Alfonso, Carlos"]
[Black "Martin Perez, Javier"]
[Result "1-0"]
[WhiteElo "2213"]
[BlackElo "2013"]
[PlyCount "75"]
[EventDate "2014.08.22"]
[EventType "swiss"]
[EventRounds "10"]
[EventCountry "ESP"]
[SourceTitle "CBM 162 Extra"]
[Source "ChessBase"]
[SourceDate "2014.10.17"]
[SourceVersion "1"]
[SourceVersionDate "2014.10.17"]
[SourceQuality "1"]

1. d4 d5 2. c4 c6 3. Nf3 Nf6 4. Qc2 e6 5. g3 Be7 6. Bg2 0-0 7. 0-0 Nbd7 8. b3 b6 9. Nbd2 Bb7 10. Bb2 Rc8 11. e4 c5 12. e5 Ne8 13. Qd1 Rc7 14. a3 Qa8 15. Ne1 Rc8 16. Nc2 dxc4 17. Bxb7 Qxb7 18. Nxc4 cxd4 19. Qxd4 Nc5 20. Qe3 b5 21. Nd2 Nc7 22. Nd4 Rfd8 23. Qe2 a6 24. Rac1 Nd5 25. b4 Na4 26. N2b3 Ndc3 27. Bxc3 Nxc3 28. Qb2 Na4 29. Qe2 Qd5 30. Qf3 Qxf3 31. Nxf3 Nc3 32. Rc2 Rd3 33. Kg2 Rcd8 34. Ne1 Ne4 35. Nxd3 Rxd3 36. Rc8+ Bf8 37. Nc5 Rc3 38. Rd1 1-0

[Event "Barcelona Sants op 16th"]
[Site "Barcelona"]
[Date "2014.08.23"]
[Round "2"]
[White "Alsina Leal, Daniel"]
[Black "Rojano Alfonso, Carlos"]
[Result "1-0"]
[WhiteElo "2550"]
[BlackElo "2213"]
[PlyCount "97"]
[EventDate "2014.08.22"]
[EventType "swiss"]
[EventRounds "10"]
[EventCountry "ESP"]
[SourceTitle "CBM 162 Extra"]
[Source "ChessBase"]
[SourceDate "2014.10.17"]
[SourceVersion "1"]
[SourceVersionDate "2014.10.17"]
[SourceQuality "1"]

1. d4 e6 2. e4 d5 3. Nc3 dxe4 4. Nxe4 Be7 5. Nf3 Nf6 6. Bd3 Bd7 7. Ng3 Bc6 8. 0-0 0-0 9. c3 Bd5 10. Ne5 c5 11. c4 Bc6 12. Be3 cxd4 13. Bxd4 Nbd7 14. Nxc6 bxc6 15. Bc2 Bc5 16. Bc3 Qb6 17. a3 a5 18. Nh5 Nxh5 19. Qxh5 f5 20. Rad1 Nf6 21. Qe2 Rae8 22. Qe1 Rf7 23. b4 axb4 24. axb4 Bf8 25. Ra1 f4 26. Ra5 f3 27. Qe3 Qb8 28. Qxf3 Bxb4 29. Rb1 c5 30. Rb5 Qa7 31. Ra1 Qc7 32. Bb2 e5 33. Ra8 Rff8 34. Rxe8 Rxe8 35. h3 e4 36. Qe3 Qf7 37. g3 Kh8 38. Bb3 h6 39. Rb6 Kh7 40. Rd6 Qe7 41. Rd1 Qe6 42. Kg2 Kh8 43. Bc2 Ng8 44. Rd5 Qa6 45. Rd7 Nf6 46. Rf7 Qxc4 47. Rxf6 Qxc2 48. Rxh6+ Kg8 49. Rh8+ 1-0

[Event "Barbera del Valles op 37th"]
[Site "Barbera del Valles"]
[Date "2014.07.11"]
[Round "8"]
[White "Rojano Alfonso, Carlos"]
[Black "Sos Andreu, Eric"]
[Result "1-0"]
[WhiteElo "2213"]
[BlackElo "2345"]
[PlyCount "71"]
[EventDate "2014.07.04"]
[EventType "swiss"]
[EventRounds "9"]
[EventCountry "ESP"]
[SourceTitle "CBM 161 Extra"]
[Source "ChessBase"]
[SourceDate "2014.08.29"]
[SourceVersion "1"]
[SourceVersionDate "2014.08.29"]
[SourceQuality "1"]

1. d4 Nf6 2. c4 g6 3. f3 c5 4. d5 b5 5. e4 d6 6. a4 bxc4 7. Bxc4 Bg7 8. Ne2 Ba6 9. Bb5+ Bxb5 10. axb5 0-0 11. 0-0 Qb6 12. Nbc3 Ne8 13. Bg5 f6 14. Be3 Qb7 15. Nf4 Bh6 16. Qe2 Bxf4 17. Bxf4 Nc7 18. Bh6 Re8 19. f4 e6 20. dxe6 Nxe6 21. f5 Nd4 22. Qc4+ Qf7 23. Qxf7+ Kxf7 24. Nd5 Nd7 25. Nc7 Rec8 26. Nxa8 Rxa8 27. Ra5 Nb6 28. Rfa1 gxf5 29. exf5 Nxf5 30. Rxa7+ Rxa7 31. Rxa7+ Kg6 32. Bf8 h5 33. Ra6 Nd7 34. Bxd6 c4 35. Rc6 Nd4 36. Rc7 1-0